[Event "28th WSCC Open 65 2018"]
[Site "Bled"]
[Date "2018.11.29"]
[Round "11"]
[White "Balashov, Yuri S"]
[Black "Tunik, Gennady"]
[Result "1-0"]
[WhiteElo "2445"]
[BlackElo "2365"]
[Annotator "TA"]
[PlyCount "74"]
[EventDate "2018.11.17"]
[EventType "swiss"]
[EventCountry "SLO"]
[SourceTitle "playchess.com"]
[Source "ChessBase"]
[SourceQuality "1"]

{[%evp 16,74,23,0,42,27,52,69,57,79,59,68,81,72,73,57,31,60,44,50,130,129,128,126,125,37,35,38,114,127,110,44,52,50,47,29,35,41,30,30,30,30,30,30,30,37,22,33,83,97,102,91,156,133,127,112,309,308,518,532,706]} 1. e4 c5 2. Nf3 e6 3. Nc3 Nc6 4. d4 cxd4 5. Nxd4 a6 6. Be3 Qc7 7. Qf3 {B48: Sicilian: Taimanov: 5 Nc3 Qc7 6 Be3 a6 without Be2} Nf6 8. O-O-O d6 9. Be2 {LiveBook: 15 Games. White has an edge.} Rb8 10. g4 $146 {[%cal Bg2g4,Bg4g5][%mdl 32]} ({Predecessor:} 10. Qg3 Nxd4 11. Bxd4 e5 12. Ba7 Ra8 13. Be3 b5 14. f4 Bb7 15. fxe5 Nxe4 16. Nxe4 Bxe4 {1-0 (42) Nepomniachtchi,I (2767)-Adhiban,B (2666) Doha 2016}) 10... Ne5 11. Qg3 b5 {next ...b4 is good for Black.} 12. g5 Nfd7 13. f4 b4 14. Na4 $36 {[%mdl 2048] White is on the roll.} Nc4 15. Bxc4 Qxc4 16. b3 Qc7 17. Rhe1 Nc5 (17... Bb7 $14) 18. Nxc5 $16 dxc5 19. Nf3 Be7 {[#]} 20. f5 (20. Ne5 $1 $16) 20... Qxg3 $14 21. hxg3 f6 ({Black should play} 21... Bb7 $14) 22. gxf6 $16 gxf6 {[#]} 23. Bf4 (23. e5 $1 $16) 23... Rb6 $14 24. Nd2 exf5 25. Nc4 Re6 26. exf5 Rxe1 27. Rxe1 {Bd6 is the strong threat.} Kf7 28. Bd6 Bf8 29. g4 h5 $1 {[%cal Rh5g4]} 30. Bxf8 Kxf8 $11 {[%mdl 4096] Endgame KRB-KRN} 31. Nb6 Bb7 32. Nd7+ Kf7 33. Nxc5 Bf3 ({Black should try} 33... Bc8) 34. gxh5 $16 ({Worse is} 34. Nxa6 h4 $11) 34... a5 35. Rf1 Bxh5 $2 (35... Bc6 $16 {is a better defense.}) 36. Rh1 $18 Rc8 $2 (36... Kg7 {was called for.} 37. Ne6+ Kg8 38. Rg1+ Kf7 39. Rg7+ Ke8) 37. Ne4 ({Weaker is} 37. Rxh5 Rxc5 38. Rh7+ Kg8 $11) 37... Rc7 {Accuracy: White = 59%, Black = 38%.} 1-0

[Event "28th WSCC Open 65 2018"]
[Site "Bled"]
[Date "2018.11.29"]
[Round "11"]
[White "Vogt, Lothar"]
[Black "Shevelev, Arkady"]
[Result "1/2-1/2"]
[WhiteElo "2359"]
[BlackElo "2278"]
[Annotator "TA"]
[PlyCount "48"]
[EventDate "2018.11.17"]
[EventType "swiss"]
[EventCountry "SLO"]
[SourceTitle "playchess.com"]
[Source "ChessBase"]
[SourceQuality "1"]

{[%evp 18,48,66,48,73,53,84,38,33,33,45,44,47,39,98,91,91,98,93,55,98,72,84,0,88,64,69,75,67,47,93,105,105]} 1. e4 c6 2. d4 d5 3. Nd2 g6 4. Ngf3 Bg7 5. h3 Nh6 6. Bd3 O-O 7. O-O f6 8. c4 {B12: Caro-Kann: Advance Variation} (8. Re1 Nf7 9. c3 e5 10. dxe5 fxe5 11. Qc2 a5 12. Nf1 Na6 13. Be3 Be6 14. Rad1 Qc7 15. Ng3 Rfe8 {1-0 (33) Meribanov,V (2390)-Stupak,K (2568) Lutsk 2015}) 8... e6 9. Re1 Nf7 10. b3 {LiveBook: 5 Games. White is slightly better.} Na6 $146 ({Predecessor:} 10... a5 11. Bb2 Na6 12. Qe2 dxe4 13. Nxe4 f5 14. Ng3 c5 15. dxc5 Nxc5 16. Bxg7 Kxg7 17. Bc2 {½-½ (27) Moldovan,D (2460)-Bogdan,D (2412) Curtea de Arges 2002}) 11. Ba3 Re8 12. exd5 exd5 13. Rxe8+ Qxe8 14. cxd5 cxd5 15. Rc1 Bf8 ({Black should try} 15... Bd7 $14) 16. Bxf8 $16 Qxf8 17. Bxa6 $1 bxa6 18. Qe2 Nd6 19. Rc7 Nb5 {[#]} 20. Rc1 (20. Re7 $1 $16 {[%cal Re7e8]} Bf5 21. g4) 20... Qf7 (20... Nd6 $1 $11 {remains equal.}) 21. a4 Nd6 22. Qe3 Bb7 23. Qf4 Rd8 24. Nf1 Rd7 {Accuracy: White = 56%, Black = 21%.} 1/2-1/2

[Event "28th WSCC Open 65 2018"]
[Site "Bled"]
[Date "2018.11.29"]
[Round "11"]
[White "Renman, Nils-Gustaf"]
[Black "Stepovoj, Vladimir"]
[Result "1-0"]
[WhiteElo "2351"]
[BlackElo "2261"]
[Annotator "ChessBase"]
[PlyCount "72"]
[EventDate "2018.11.17"]
[EventType "swiss"]
[EventCountry "SLO"]
[SourceTitle "playchess.com"]
[Source "ChessBase"]
[SourceQuality "1"]
[TimeControl "40/5400+30:1800+30"]

1. d4 Nf6 2. Nf3 c5 3. d5 b5 4. Bg5 Qb6 5. Bxf6 Qxf6 6. c3 Qb6 7. e4 d6 8. Nbd2 Nd7 9. a4 b4 10. Bb5 bxc3 11. bxc3 Qc7 12. Nc4 f6 13. O-O g6 14. Nh4 Bh6 15. f4 O-O 16. Qd3 Nb6 17. e5 f5 18. a5 Nxc4 19. Bxc4 Rb8 20. e6 Bb7 21. g4 fxg4 22. f5 g5 23. f6 gxh4 24. f7+ Kh8 25. a6 Ba8 26. Rf5 Qd8 27. Rh5 Rxf7 28. exf7 Qf8 29. Rxh4 Qg7 30. Rf1 Rf8 31. Qg3 Qg5 32. Rxg4 Qe3+ 33. Rf2 Qxg3+ 34. Rxg3 Bg7 35. Kf1 Bf6 36. Rfg2 Bg7 1-0

[Event "28th WSCC Open 65 2018"]
[Site "Bled"]
[Date "2018.11.29"]
[Round "11"]
[White "Berkovich, Mark A"]
[Black "Srebrnic, Vojko"]
[Result "1/2-1/2"]
[WhiteElo "2339"]
[BlackElo "2140"]
[Annotator "NA RC"]
[PlyCount "53"]
[EventDate "2018.11.17"]
[EventType "swiss"]
[EventCountry "SLO"]
[SourceTitle "playchess.com"]
[Source "ChessBase"]
[SourceQuality "1"]
[TimeControl "40/5400+30:1800+30"]

1. d4 Nf6 2. Nf3 g6 3. g3 Bg7 4. Bg2 O-O 5. O-O d5 6. c4 c6 7. cxd5 cxd5 8. Nc3 Nc6 9. Ne5 e6 10. Nxc6 bxc6 11. Bf4 Nh5 12. Be3 Nf6 {D79: Fianchetto Grünfeld: Symmetrical Variation (6 0-0 c6 7 cxd5 cxd5)} 13. Qd2 Nd7 $146 ({Predecessor:} 13... Ng4 14. Bf4 e5 15. dxe5 Nxe5 16. b3 Bb7 17. Rac1 Rc8 18. Bh6 Qe7 19. Bxg7 Kxg7 20. Rfd1 Rfd8 21. Na4 Ba8 22. e3 Kg8 23. Qd4 Rd6 24. Qc5 Kf8 25. Rxd5 Rcd8 26. Rxe5 Qd7 27. Rd1 {1-0 (27) Kuhn,A (1785)-Dabringhaus,C (1691) Cologne 2011}) 14. Rac1 Nb6 15. b3 Re8 16. Nd1 Qd6 17. Nb2 a5 18. Nd3 f6 19. Qc3 Bd7 20. a4 g5 21. f4 h6 22. Bf3 Reb8 23. Bh5 Nc8 (23... Rf8 $16 {was necessary.} 24. Bd2 Qe7) 24. Nc5 Ne7 25. Bf2 $16 (25. fxg5 $18 hxg5 26. Bd2) 25... Be8 26. Bg4 f5 27. Bf3 1/2-1/2

[Event "28th WSCC Open 65 2018"]
[Site "Bled"]
[Date "2018.11.29"]
[Round "11"]
[White "Pushkov, Nikolai"]
[Black "Yakimenko, Alexander A."]
[Result "1/2-1/2"]
[WhiteElo "2324"]
[BlackElo "2125"]
[Annotator "TA"]
[PlyCount "129"]
[EventDate "2018.11.17"]
[EventType "swiss"]
[EventCountry "SLO"]
[SourceTitle "playchess.com"]
[Source "ChessBase"]
[SourceQuality "1"]

{[%evp 23,129,-1,0,-13,8,-1,22,19,85,78,80,83,93,81,79,53,69,87,103,97,108,89,96,87,95,97,87,40,93,85,82,61,67,68,71,68,71,71,78,0,53,53,53,53,53,53,53,53,68,71,93,93,93,93,93,93,93,93,93,93,93,93,93,93,93,86,86,86,86,86,86,86,86,86,86,86,86,86,86,86,86,86,86,86,86,86,86,86,86,86,86,86,100,0,0,0,0,0,0,0,0,0,0,0,0,0,0,0]} 1. d4 e6 2. c4 Nf6 3. Nf3 b6 4. g3 Ba6 5. Qa4 Be7 6. Bg2 Bb7 7. O-O O-O 8. Nc3 Ne4 9. Qc2 Nxc3 10. Qxc3 Be4 11. Bf4 d6 12. Rfd1 Nd7 13. Ne1 {E19: Queen's Indian: Old Main Line with 7...Ne4 8 Qc2 Nxc3 8 Qxc3} (13. Qe3 Bb7 14. Rac1 Re8 15. Qd3 Nf6 16. Bg5 h6 17. Bxf6 Bxf6 18. Ne1 Bxg2 19. Nxg2 c5 20. e3 cxd4 21. exd4 {½-½ (38) Adianto,U (2589)-Nguyen,A (2557) Manila 2001}) 13... Bxg2 14. Nxg2 c6 $146 ({Predecessor:} 14... Nf6 15. Qf3 Qd7 16. Rac1 c5 17. b3 Rac8 18. Ne3 cxd4 19. Rxd4 Qc6 20. Qxc6 Rxc6 {½-½ (36) Kozma,J-Zita,F Podebrady 1956}) 15. e4 d5 (15... Re8 $11) 16. exd5 $16 cxd5 17. cxd5 exd5 18. Qb3 Nf6 19. Be5 Ng4 20. Nf4 Nxe5 21. dxe5 d4 22. Rd3 Bc5 23. Re1 Kh8 24. a3 a5 25. e6 Re8 (25... g5 $14 26. Nh3 Ra7) 26. Re2 fxe6 27. Rxe6 Qd7 28. h4 Rxe6 29. Qxe6 Qxe6 30. Nxe6 Re8 31. Nxc5 {[%mdl 4096] Endgame KRN-KR} ({White should try} 31. Nf4 $16) 31... Re1+ (31... bxc5 $11 32. Rd1 g6) 32. Kg2 $14 bxc5 {[#] KR-KR} 33. b4 $1 {[%cal Rb4c5][%mdl 576] Deflection} axb4 34. axb4 cxb4 35. Rxd4 {Rd8+ would kill now.} Kg8 36. Rxb4 Kf7 37. h5 h6 38. g4 Ra1 39. Kg3 Ra3+ 40. f3 {[%cal Bf2f3,Bf3f4][%mdl 32]} Ra1 41. Kf4 Ra3 42. Ke4 Ra5 43. Rd4 Ke6 44. f4 Rb5 45. Ra4 Rc5 46. Ra6+ Kf7 47. Rd6 Kg8 48. Rd5 Rc1 49. Ke5 Re1+ 50. Kf5 Re2 51. Rd7 Ra2 52. Re7 Ra5+ 53. Re5 Ra1 54. Rb5 Re1 55. Rb6 Kh7 56. Rb7 Ra1 57. Re7 Kg8 58. g5 (58. Re5 $16) 58... hxg5 $11 {The position is equal.} 59. fxg5 (59. Kg6 {is interesting.} Ra6+ 60. Kxg5 Ra1 61. h6 Rg1+ 62. Kf5) 59... Kh7 60. Re5 (60. g6+ {looks sharper.} Kh6 61. Rc7 Ra5+ 62. Ke6 Rxh5 63. Kf7) 60... Rf1+ 61. Ke6 Rh1 62. Kf7 Rf1+ 63. Ke7 Rh1 64. Kf7 Rf1+ 65. Ke7 {Accuracy: White = 55%, Black = 71%.} 1/2-1/2

[Event "28th WSCC Open 65 2018"]
[Site "Bled"]
[Date "2018.11.29"]
[Round "11"]
[White "Karasev, Vladimir I"]
[Black "Harestad, Thor Geir"]
[Result "1-0"]
[WhiteElo "2314"]
[BlackElo "2239"]
[Annotator "TA"]
[PlyCount "55"]
[EventDate "2018.11.17"]
[EventType "swiss"]
[EventCountry "SLO"]
[SourceTitle "playchess.com"]
[Source "ChessBase"]
[SourceQuality "1"]

{[%evp 10,55,17,6,17,0,6,5,6,14,18,10,26,-6,0,-8,-5,-24,-6,-6,-2,-11,-8,-6,17,20,22,-2,42,18,41,36,56,56,56,56,56,46,51,52,115,116,111,97,826,825,794,762]} 1. g3 e5 2. c4 Nc6 3. Bg2 g6 4. Nc3 Bg7 5. e3 d6 6. d3 Nge7 {A25: English Opening vs King's Indian with ...Nc6 but without early d3} (6... f5 7. Nge2 Nf6 8. Rb1 a5 9. a3 O-O 10. O-O g5 11. f4 exf4 12. exf4 g4 13. Be3 Be6 14. Qb3 Rb8 15. Bf2 Bf7 16. Rfe1 h5 17. Qb5 Ne7 18. Qxa5 h4 {1-0 (62) Kamsky,G (2683)-Shirov,A (2691) Sochi 2015}) 7. Rb1 a5 8. Nge2 {[%cal Bg1e2,Be2c3,Bc3e4][%mdl 32]} h5 {The position is equal.} 9. h3 Be6 10. Nd5 Qd7 (10... Bd7 {keeps more tension.} 11. e4 h4 12. Bg5 hxg3 13. fxg3 Qc8) 11. Nxe7 $146 (11. h4 {seems wilder.} O-O 12. e4 Rab8 13. Bg5 f6 14. Be3) ({Predecessor:} 11. b3 Rb8 12. Bb2 O-O 13. Qd2 h4 14. g4 f5 15. g5 Bxd5 16. cxd5 {½-½ (40) Iotov,V (2502)-Starostits,I (2497) Cambados 2007}) 11... Qxe7 12. Nc3 Qd7 13. Ne4 f6 14. b3 O-O 15. Bb2 Rae8 16. h4 Nd8 {[%cal Bc6d8,Bd8f7,Bf7e5,Be5d3][%mdl 32]} 17. O-O Nf7 18. d4 Bf5 19. dxe5 Nxe5 20. Qd5+ Kh7 21. Qxb7 Nd3 22. Ba3 Nb4 23. Bxb4 axb4 24. Rbd1 Bxe4 ({Black should play} 24... Qe7 $14) 25. Bxe4 $16 Rb8 26. Qd5 {Black must now prevent Qxh5+.} Qe7 $2 {[%mdl 8192]} (26... f5 $16) 27. Qxh5+ $18 {[%mdl 64] [#] Double Attack} Kg8 28. Bd5+ {Accuracy: White = 70%, Black = 38%.} 1-0

[Event "28th WSCC Open 65 2018"]
[Site "Bled"]
[Date "2018.11.29"]
[Round "11"]
[White "Buchal, Stephan"]
[Black "Kiefer, Gerhard"]
[Result "1/2-1/2"]
[WhiteElo "2288"]
[BlackElo "2306"]
[Annotator "TA"]
[PlyCount "41"]
[EventDate "2018.11.17"]
[EventType "swiss"]
[EventCountry "SLO"]
[SourceTitle "playchess.com"]
[Source "ChessBase"]
[SourceQuality "1"]

{[%evp 28,29,0,-7]} 1. c4 e5 2. g3 Nf6 3. Bg2 d5 4. cxd5 Nxd5 5. Nc3 Nb6 6. Nf3 Nc6 7. O-O Be7 8. a3 O-O 9. b4 Be6 10. d3 f6 11. Bb2 a5 {A29: English Opening: Four Knights Variation with 4 g3} 12. b5 Nd4 13. Nd2 Qc8 (13... c6 14. bxc6 Nxc6 15. Na4 Rb8 16. Rc1 Nxa4 17. Qxa4 Nd4 18. Qd1 a4 19. e3 Nb3 20. Nxb3 Bxb3 {1-0 (51) Li,C (2720)-Ma,Q (2637) China 2017}) 14. e3 Nf5 15. Qc2 {[#] LiveBook: 4 Games} {Predecessor:} a4 $146 16. Rfd1 Nd6 17. Rdc1 Ra5 18. Nde4 Nxb5 19. Nxb5 Rxb5 20. Qxc7 Qxc7 21. Rxc7 {0-1 (42) Belous,V (2581)-Sevian,S (2574) Philadelphia 2017} 1/2-1/2

[Event "28th WSCC Open 65 2018"]
[Site "Bled"]
[Date "2018.11.29"]
[Round "11"]
[White "Rooze, Jan"]
[Black "Rashkovsky, Nukhim N"]
[Result "1/2-1/2"]
[WhiteElo "2288"]
[BlackElo "2482"]
[Annotator "TA"]
[PlyCount "63"]
[EventDate "2018.11.17"]
[EventType "swiss"]
[EventCountry "SLO"]
[SourceTitle "playchess.com"]
[Source "ChessBase"]
[SourceQuality "1"]

{[%evp 14,63,25,20,35,29,47,29,30,27,37,31,34,38,43,24,0,0,0,-8,0,-16,10,-4,0,0,-11,-8,-12,-18,-19,-18,0,0,0,0,0,0,0,0,0,0,20,0,0,0,0,-62,0,0,0,0]} 1. e4 c5 2. Nf3 d6 3. Bb5+ Nd7 4. Ba4 (4. O-O a6 5. Bxd7+ Bxd7 6. d4 cxd4 7. Qxd4 Qc7 8. Nc3 e6 9. Bf4 Bc6 10. Rad1 Rd8 11. Nd5 exd5 12. exd5 Bb5 13. Rfe1+ Ne7 14. Ng5 h6 15. Ne4 {1-0 (77) Naiditsch,A (2721)-Wojtaszek,R (2727) Douglas 2018}) 4... Ngf6 5. O-O g6 6. Re1 {B51: Sicilian: Moscow Variation (3 Bb5+) without 3...Bd7} Bg7 7. c3 O-O 8. d4 {LiveBook: 3 Games. White has an edge.} cxd4 9. cxd4 Nb6 $146 ({Predecessor:} 9... d5 10. e5 Ne4 11. Nbd2 Nb6 {1-0 (37) Hakobyan,A (2554)-Donchenko,A (2614) Manavgat 2018}) 10. Bc2 Bg4 11. Nbd2 Rc8 12. h3 Bd7 13. Bd3 Nh5 14. Nf1 e5 15. Bg5 Bf6 16. Be3 exd4 17. Nxd4 d5 18. Nd2 Ba4 19. b3 $1 dxe4 20. Bxe4 Bxd4 21. Bxd4 Qxd4 22. bxa4 Nxa4 {[#] aiming for ...Nc3.} 23. Bxb7 Rc7 {And now ...Nc3 would win.} 24. Re4 Qc3 25. Rxa4 {Black must now prevent Ne4.} Rd8 26. Rb1 Rxd2 27. Qe1 Qc2 {[#] Threatens to win with ...Rcd7.} 28. Bf3 {Bxh5 is the strong threat.} Nf6 29. Rf4 Kg7 30. Kh2 (30. a4 $11) 30... g5 (30... Rxf2 $15 31. Rb5 Qd2 32. Qxd2 (32. Qe5 Qc3 $17) 32... Rxd2) 31. Rfb4 $11 ({Don't blunder} 31. Rxf6 $2 Kxf6 32. Be4 Qc3 $19) 31... h6 32. h4 {Accuracy: White = 62%, Black = 45%.} 1/2-1/2

[Event "28th WSCC Open 65 2018"]
[Site "Bled"]
[Date "2018.11.29"]
[Round "11"]
[White "Maryasin, Boris"]
[Black "Boehnisch, Manfred"]
[Result "1/2-1/2"]
[WhiteElo "2284"]
[BlackElo "2261"]
[Annotator "TA"]
[PlyCount "120"]
[EventDate "2018.11.17"]
[EventType "swiss"]
[EventCountry "SLO"]
[SourceTitle "playchess.com"]
[Source "ChessBase"]
[SourceQuality "1"]

{[%evp 9,120,0,12,12,18,22,25,16,25,19,52,40,64,58,62,29,54,66,75,35,41,0,0,-17,-26,-27,-33,-24,-36,-35,-17,-18,-17,-25,-16,-28,0,0,0,0,0,-51,-5,-3,-4,-5,0,0,0,-8,0,0,0,0,0,0,8,0,14,0,0,0,0,-4,0,0,0,0,0,0,0,0,8,8,68,12,23,9,59,60,61,0,56,62,114,114,136,0,20,8,14,8,8,12,16,0,0,0,0,0,0,0,0,0,0,0,0,0,0,0,0,0,0]} 1. e4 {[%cal Be2e4,Be4e5][%mdl 32]} c6 2. d4 d5 3. e5 c5 4. c4 (4. dxc5 e6 5. Nf3 Bxc5 6. a3 Nd7 7. Bd3 f6 8. b4 Be7 9. Bb2 fxe5 10. Nxe5 Nxe5 11. Bxe5 Bf6 12. O-O Nh6 13. Bxf6 Qxf6 {1-0 (70) Jakovenko,D (2735)-Fedoseev,V (2706) Poikovsky 2018}) 4... cxd4 5. Qxd4 Nc6 6. Qxd5 {B12: Caro-Kann: Advance Variation} Qxd5 7. cxd5 Nxe5 8. Nc3 {White has an edge.} Nf6 9. f4 Ng6 $146 ({Predecessor:} 9... Ned7 10. Be3 a6 11. a4 g6 {1-0 (56) Petrovic,Z (2105)-Zivkovic,D (2265) Obrenovac 2011}) 10. Nf3 e6 11. Bb5+ Bd7 12. dxe6 fxe6 13. Bxd7+ Nxd7 14. Ng5 Nc5 15. Be3 Nd3+ 16. Ke2 Ndxf4+ 17. Bxf4 Nxf4+ 18. Kf3 h6 19. Kxf4 hxg5+ 20. Kxg5 Be7+ 21. Kg4 O-O-O 22. Rad1 Rxd1 (22... Rdf8 {seems wilder.} 23. g3 Rf2 24. h4 Rxb2 25. Rhe1 Rh6) 23. Nxd1 $11 {[%mdl 4096] Endgame KRB-KRN} Rh4+ 24. Kf3 Bf6 25. h3 (25. b3 $11) 25... Ra4 26. a3 Rc4 27. Ne3 Rc6 28. Rb1 a5 29. a4 b6 30. Ke4 Kb7 31. b4 axb4 32. Rxb4 Ka6 33. Rc4 Rd6 34. g3 Rd2 35. h4 Ra2 36. Kf3 Ra3 37. Re4 Ka5 38. Rxe6 Bd4 39. h5 Kxa4 40. g4 {[#] Hoping for Re4.} Kb5 41. Kf4 Ra7 ({Black should play} 41... Ra4 $11) 42. Nf5 (42. Nd5 $14) 42... Ba1 43. Nd6+ Kc5 {White should prevent ...Kd5.} 44. Ne4+ Kb5 45. Kg5 (45. Kf5 $14) 45... Ka5 (45... Bd4 $11) 46. Nd2 $1 $14 {[%cal Rd2b3] [#] And now Nb3+ would win.} Bc3 ({Black should try} 46... Kb5 $1 $14) 47. Nc4+ $16 Kb5 48. Nd6+ (48. Nxb6 $16 Kc5 49. Kf5) 48... Ka4 {The position is equal.} 49. Ne4 Bd4 50. Rd6 Be3+ 51. Kg6 {Threatening Ng3.} b5 {[%cal Bb6b5,Bb5b4,Bb4b3,Bb3b2][%mdl 32]} 52. Rd1 b4 53. Ra1+ Kb5 54. Rxa7 Bxa7 55. Kxg7 $11 {KB-KN} Bd4+ 56. Kf7 b3 57. Nd2 b2 $1 58. Nb1 Kb4 59. g5 Kb3 $1 60. g6 {Black must now prevent h6.} Kc2 {Accuracy: White = 53%, Black = 59%.} 1/2-1/2

[Event "28th WSCC Open 65 2018"]
[Site "Bled"]
[Date "2018.11.29"]
[Round "11"]
[White "Werner, Clemens"]
[Black "Pritchett, Craig W"]
[Result "1/2-1/2"]
[WhiteElo "2266"]
[BlackElo "2286"]
[Annotator "TA"]
[PlyCount "35"]
[EventDate "2018.11.17"]
[EventType "swiss"]
[EventCountry "SLO"]
[SourceTitle "playchess.com"]
[Source "ChessBase"]
[SourceQuality "1"]

{[%evp 19,35,6,62,29,34,36,42,21,24,27,29,30,43,13,7,8,10,19]} 1. e4 c5 2. c3 e6 3. d4 d5 4. exd5 Qxd5 5. Nf3 Nf6 6. Na3 Be7 7. Nb5 Na6 8. Be2 O-O 9. O-O cxd4 10. Qxd4 b6 {LiveBook: 3 Games. B22: Sicilian: 2 c3} (10... Bd7 $11) (10... Qxd4 11. Nfxd4 e5 12. Nc2 Be6 13. b3 Rfc8 14. c4 Nc5 15. Bb2 a6 16. Nc3 a5 17. Ba3 Kf8 18. Bf3 {1-0 (57) Nakamura,H (2784)-Bacrot,E (2725) Geneve 2013}) 11. Bg5 $146 ({Predecessor:} 11. Qxd5 Nxd5 12. Nfd4 Bb7 13. Bf3 Rfc8 14. Rd1 Nc5 15. c4 Nf6 16. b3 a6 17. Nc3 Bxf3 18. Nxf3 {0-1 (35) Schneider,I (2517)-Moranda,W (2593) Katowice 2017}) 11... Bb7 12. Qxd5 Bxd5 {White is slightly better.} 13. Rfd1 Rfc8 14. Ne5 Nc5 15. c4 Bb7 16. Be3 Nce4 17. Rac1 a6 18. Nd4 1/2-1/2

[Event "28th WSCC Open 65 2018"]
[Site "Bled"]
[Date "2018.11.29"]
[Round "11"]
[White "Lederman, Leon"]
[Black "Sveshnikov, Evgeny"]
[Result "1-0"]
[WhiteElo "2255"]
[BlackElo "2496"]
[Annotator "TA"]
[PlyCount "85"]
[EventDate "2018.11.17"]
[EventType "swiss"]
[EventCountry "SLO"]
[SourceTitle "playchess.com"]
[Source "ChessBase"]
[SourceQuality "1"]

{[%evp 25,85,25,73,19,21,21,22,21,17,24,29,30,18,2,14,16,14,0,22,20,27,26,29,0,0,0,19,0,54,54,66,51,62,57,65,55,82,69,83,63,58,48,68,0,0,0,46,40,43,37,59,38,47,31,58,58,89,22,133,141,1409,1380]} 1. e4 c5 2. Nf3 Nc6 3. d4 cxd4 4. Nxd4 e5 5. Nb5 d6 6. c4 Be7 7. N1c3 a6 8. Na3 Nf6 9. Be2 O-O 10. Be3 Be6 11. O-O Rc8 12. Rc1 h6 13. Qd2 {B32: Sicilian: Löwenthal and Kalashnikov Variations} Ne8 {LiveBook: 15 Games} (13... Ng4 14. Bxg4 Bxg4 15. Nd5 Bg5 16. Nc2 Be6 17. Rfd1 Bxe3 18. Ndxe3 Qh4 19. f3 Rfd8 20. a4 Qg5 21. b4 Ne7 22. Ne1 Nc6 23. N1c2 Ne7 24. Ne1 Nc6 25. N1c2 {½-½ (25) Polgar,J (2682)-Radjabov,T (2740) Baku 2010}) 14. g3 (14. Rfd1 $16) 14... f5 $11 15. exf5 {The position is equal.} Bxf5 16. Bd3 $146 ({Predecessor:} 16. Nd5 Nf6 17. Rfd1 Ne4 18. Nxe7+ Qxe7 19. Qd5+ Kh8 20. f3 Nd4 21. Bxd4 {0-1 (52) Palac,M (2485)-Milov,V (2410) Zillertal 1993}) 16... Bh3 17. Rfe1 Nf6 18. Nd5 Ng4 19. Bf1 Bxf1 20. Rxf1 Qe8 21. h3 Nxe3 22. fxe3 Qg6 23. Kh2 Rce8 24. Nc7 Rc8 25. Nd5 Bg5 26. Nb1 Kh7 ({Better is} 26... e4 $11) 27. Nbc3 $14 Nd4 {[%mdl 64] [#] ...Nf3+ is the strong threat. Pin} 28. Qg2 $1 Nf5 29. Rce1 h5 30. h4 Bf6 31. b3 b5 32. cxb5 axb5 33. Ne4 Rcd8 34. a4 (34. Rc1 $14) 34... bxa4 $11 35. bxa4 Nh6 36. a5 {[%cal Ba4a5,Ba5a6][%mdl 32]} Ng4+ 37. Kg1 {aiming for a6.} Rf7 38. Ra1 {Hoping for a6.} Ra7 $1 39. Ra4 Rb8 40. a6 $36 {[%mdl 2048] White fights for an advantage.} ({Much worse is} 40. Nxd6 Bxh4 41. Qe4 (41. gxh4 Qxd6 42. Qe4+ g6 $17) 41... Bxg3 $11) 40... Bd8 41. Qf3 ({White should play} 41. Qc2 $16) 41... Rb2 (41... Rc8 $11 {remains equal.}) 42. Qf8 $16 {[%mdl 64] [#] Double Attack} Bf6 $2 {[%mdl 8192]} (42... Rxa6 $16 43. Rxa6 (43. Qxd8 Qxe4 44. Nf6+ Nxf6 $11) (43. Ne7 Bxe7 44. Qxe7 Rxa4 $11) 43... Qxe4 44. Qf5+ Qxf5 45. Rxf5 Rb1+ 46. Rf1 Rb3 47. Rxd6 Bf6) 43. Rxf6 {[%mdl 64] Double Attack. Accuracy: White = 49%, Black = 40%.} 1-0

[Event "28th WSCC Open 65 2018"]
[Site "Bled"]
[Date "2018.11.29"]
[Round "11"]
[White "Privara, Igor"]
[Black "Wahlbom, Magnus"]
[Result "0-1"]
[WhiteElo "2207"]
[BlackElo "2173"]
[Annotator "NA RC"]
[PlyCount "98"]
[EventDate "2018.11.17"]
[EventType "swiss"]
[EventCountry "SLO"]
[SourceTitle "playchess.com"]
[Source "ChessBase"]
[SourceQuality "1"]
[TimeControl "40/5400+30:1800+30"]

1. e4 e5 2. Nc3 Nc6 3. g3 g6 4. Bg2 Bg7 5. d3 Nge7 {C25: Vienna Game: Alternatives to 2...Nf6} 6. f4 d6 7. Nf3 f5 (7... Nd4 8. O-O Bg4 9. Be3 c5 10. Qd2 O-O 11. Nh4 exf4 12. Bxf4 Qd7 13. Rf2 Rae8 14. Bh6 Bxh6 15. Qxh6 b5 16. h3 Be6 17. Raf1 Qd8 18. Nb1 d5 19. Nd2 dxe4 20. Nxe4 Nef5 21. Rxf5 Nxf5 22. Rxf5 {1-0 (46) Adhiban,B (2653)-Andreikin,D (2736) Wijk aan Zee 2017}) 8. O-O O-O 9. Nd5 h6 10. Be3 $146 ({Predecessor:} 10. c4 Be6 11. Rb1 Qd7 12. Qa4 Rae8 13. Bd2 Nc8 14. Nh4 Qf7 15. exf5 gxf5 16. Bc3 {0-1 (42) Auchenberg,P (2225)-Krnic,Z (2390) Copenhagen 1979}) 10... exf4 11. Bxf4 g5 {[#]} (11... Nxd5 $11 {keeps the balance.} 12. exd5 Ne7) 12. Be3 (12. Nxg5 $1 $16 hxg5 13. Bxg5) 12... fxe4 13. dxe4 Bg4 14. Qd2 Bxf3 15. Bxf3 Qd7 16. c3 Kh8 17. Bxg5 hxg5 18. Qxg5 Qe6 19. Nxc7 $18 {Double Attack} Qh6 20. Qxh6+ Bxh6 21. Nxa8 Rxa8 22. Rad1 Rd8 23. Bg4 Ne5 24. Be6 a5 25. Kg2 Be3 26. Rfe1 Bc5 27. Re2 b6 28. Rb1 N5c6 29. h4 Ng6 30. a3 a4 31. Bc4 Nge5 32. Bb5 Ra8 33. Rf1 Kg7 34. Ree1 Nd8 35. Rf5 Ra5 36. Be8 Nc4 37. Rg5+ Kf8 38. Bd7 Nf7 39. Rg6 Nce5 40. Bf5 Nxg6 41. Bxg6 Ne5 42. Bh5 Rb5 43. Re2 Nc4 44. g4 Rxb2 45. g5 Bxa3 46. Kg3 Rxe2 47. Bxe2 b5 48. Kg4 Bc1 49. Bd1 Ne3+ 0-1